Normal view MARC view

Entry Topical Term

Number of records used in: 1

001 - CONTROL NUMBER

  • control field: 34474

003 - CONTROL NUMBER IDENTIFIER

  • control field: dpl

005 - DATE AND TIME OF LATEST TRANSACTION

  • control field: 20110906113355.0

008 - FIXED-LENGTH DATA ELEMENTS

  • fixed length control field: 110906|||a|||||| | ||| d

040 ## - CATALOGING SOURCE

  • Original cataloging agency: dpl
  • Transcribing agency: dpl

150 ## - HEADING--TOPICAL TERM

  • Topical term or geographic name as entry element:

670 ## - SOURCE DATA FOUND

  • Source citation: Work cat.: (dpl): चट्टोपाध्याय, बंकिमचन्द्र 34473, आनंगमठ /, 2009

670 ## - SOURCE DATA FOUND

  • Source citation: Work cat.: (dpl): चट्टोपाध्याय, बंकिमचन्द्र 34473, आनंगमठ /, 2009

© Delhi Public Library
Hit Counter
free hit counter